00673nam a22001697a 450000500170000000800410001702000220005805000150008010000380009524500980013325000230023126000340025430000290028850000750031750000890039265000220048120231102151645.0140410t 2008m ||||| |||| 00| 0 s d a978-968-24-8149-914aHF5626 P561 aPIMENTEL JIMENEZ, Héctor, autor00aNormas de auditoríab : significado, alcance y limitacionesc / Héctor Pimentel Jiménez aprimera edición.3 aMéxicob : Trillasc , 2008 a86 páginas.c ; 23 cm. aIncluye: índice de contenido, bibliografía e índice analítico. aEducación Mixta. Lic. en Contaduria / Auditoría administrativa / P25 / 09 00220514aAUDITORIAvNORMAS